[Event "DSOL 2021"]
[Site "Germany"]
[Date "2021.03.16"]
[Round "6.2"]
[White "Safi, Anis"]
[Black "Schaeufele, Joerg"]
[Result "1-0"]
[WhiteElo "1618"]
[BlackElo "1823"]
[Annotator "NA RC"]
[PlyCount "89"]
[EventDate "2021.01.18"]
[EventType "team-tourn"]
[EventCountry "GER"]
[SourceTitle "playchess.com"]
[Source "ChessBase"]
[SourceQuality "1"]

1. e4 e5 2. Nf3 Nf6 3. Nxe5 Nc6 4. Nxc6 dxc6 5. e5 Ne4 6. d4 Qe7 7. Bd3 Nd6 8. Qf3 Nb5 9. c3 a6 10. O-O Be6 11. Be3 O-O-O 12. a4 Na7 13. Nd2 Kb8 14. Ne4 Qd7 15. b4 Bg4 16. Qg3 Bf5 17. Bg5 Re8 18. Qf3 Be6 19. Rfe1 h6 20. Bd2 Nc8 21. Qe2 Rd8 22. Reb1 Na7 23. Be3 Be7 24. Qb2 Ka8 25. c4 Rb8 26. b5 a5 27. Qc3 Bb4 28. Rxb4 axb4 29. Qxb4 Bf5 30. Nc5 Qc8 31. Be2 b6 32. Na6 Rb7 33. a5 Be4 34. f3 Bf5 35. axb6 Rxb6 36. d5 c5 37. Qxc5 Qb7 38. Nxc7+ Kb8 39. Qxb6 Qxb6 40. Bxb6 Nc8 41. Na6+ Kb7 42. Bc5 Nb6 43. Nb4 Ra8 44. Rxa8 Nxa8 45. Nc6 1-0

[Event "DSOL 2021"]
[Site "Germany"]
[Date "2021.03.15"]
[Round "6.2"]
[White "Nimptsch, Nikolas"]
[Black "Lehmann, Tim"]
[Result "1-0"]
[WhiteElo "1539"]
[BlackElo "1897"]
[Annotator "NA RC"]
[PlyCount "55"]
[EventDate "2021.01.18"]
[EventType "team-tourn"]
[EventCountry "GER"]
[SourceTitle "playchess.com"]
[Source "ChessBase"]
[SourceQuality "1"]

1. d4 Nf6 2. Bg5 c5 3. c3 cxd4 4. cxd4 d5 5. Nc3 Bf5 6. Qb3 Nc6 7. e3 e6 8. a3 Qd7 9. Nf3 Be7 10. Bb5 O-O 11. Qa4 Rfc8 12. O-O a6 13. Bxc6 Qxc6 14. Ne5 Qxa4 15. Nxa4 Rc2 16. Nb6 Rd8 17. b4 h6 18. Bh4 g5 19. Bg3 Ne4 20. Rfc1 Nxg3 21. hxg3 Rd6 22. Rxc2 Bxc2 23. Nc8 Kf8 24. Nxd6 Bxd6 25. Nd7+ Ke7 26. Nc5 b6 27. Rc1 bxc5 28. dxc5 1-0

[Event "DSOL 2021"]
[Site "Germany"]
[Date "2021.03.15"]
[Round "6.2"]
[White "Jaeger, Niklas"]
[Black "Mark, Philipp"]
[Result "0-1"]
[WhiteElo "1510"]
[BlackElo "1702"]
[Annotator "NA RC"]
[PlyCount "63"]
[EventDate "2021.01.18"]
[EventType "team-tourn"]
[EventCountry "GER"]
[SourceTitle "playchess.com"]
[Source "ChessBase"]
[SourceQuality "1"]

1. d4 Nf6 2. Bf4 e6 3. Nf3 b6 4. e3 Bb7 5. c4 d5 6. Nc3 Bd6 7. Bg3 O-O 8. Bd3 dxc4 9. Bxc4 c5 10. Nb5 Bxg3 11. hxg3 a6 12. Nc3 cxd4 13. exd4 Nc6 14. Bd3 Nb4 15. Bb1 Nbd5 16. Qd2 Rc8 17. Bd3 b5 18. a3 Nxc3 19. bxc3 Qa5 20. Rc1 Qxa3 21. g4 Bxf3 22. gxf3 g6 23. g5 Nd5 24. c4 bxc4 25. Bxc4 Qxf3 26. Rh2 Rc6 27. Be2 Rxc1+ 28. Qxc1 Qe4 29. f3 Qxd4 30. Kf1 Ne3+ 31. Ke1 Qf4 32. Rf2 0-1

[Event "DSOL 2021"]
[Site "Germany"]
[Date "2021.03.19"]
[Round "6.2"]
[White "Sickmann, Lisa"]
[Black "Engert, Marvin"]
[Result "0-1"]
[WhiteElo "1510"]
[BlackElo "2000"]
[Annotator "NA"]
[PlyCount "106"]
[EventDate "2021.01.18"]
[EventType "team-tourn"]
[EventCountry "GER"]
[SourceTitle "playchess.com"]
[Source "ChessBase"]
[SourceQuality "1"]
[WhiteTeam "Lübecker SV"]
[BlackTeam "SG Turm Leipzig I"]

1. e4 c5 2. Nf3 Nc6 3. d4 cxd4 4. Nxd4 Nf6 5. Nc3 e5 6. Ndb5 d6 7. Bg5 a6 8. Na3 b5 9. Nd5 Be7 10. Bxf6 Bxf6 11. c3 O-O 12. Nc2 Rb8 13. Be2 Bg5 14. O-O a5 15. a3 Ne7 16. Nce3 Bxe3 17. Nxe3 f5 18. exf5 d5 19. Bf3 e4 20. Bg4 b4 21. axb4 axb4 22. Ra7 Nc6 23. Ra4 Ne5 24. Rxb4 Rxb4 25. cxb4 d4 26. Qb3+ Kh8 27. Rd1 Qg5 28. Rxd4 Nxg4 29. Rxe4 Nxe3 30. Qxe3 Qxf5 31. Re8 Qb1+ 32. Qe1 Qxe1+ 33. Rxe1 Bd7 34. Re4 Kg8 35. f3 Rc8 36. Kf2 Kf7 37. Rd4 Ke6 38. Ke3 Rc2 39. Rd2 Rc1 40. h3 Bb5 41. h4 Ke5 42. f4+ Ke6 43. g3 h5 44. Rd4 Rc2 45. Rd2 Rxd2 46. Kxd2 Kd5 47. Ke3 Bd7 48. b3 Bf5 49. b5 Kc5 50. b6 Kxb6 51. Kd4 Kb5 52. Ke5 g6 53. Kf6 Kb4 0-1

[Event "DSOL 2021"]
[Site "Germany"]
[Date "2021.03.15"]
[Round "6.2"]
[White "Wendland, Guido"]
[Black "Diesner, Michael"]
[Result "1-0"]
[WhiteElo "1453"]
[BlackElo "2057"]
[Annotator "TA"]
[PlyCount "49"]
[EventDate "2021.01.18"]
[EventType "team-tourn"]
[EventCountry "GER"]
[SourceTitle "playchess.com"]
[Source "ChessBase"]
[SourceQuality "1"]

1. e4 c5 2. Nf3 d6 3. d4 Nf6 4. Nc3 cxd4 5. Nxd4 g6 6. Bc4 Bg7 7. Bb3 O-O 8. Be3 Nc6 9. f3 Na5 10. Qd2 Bd7 11. O-O-O Rc8 12. Kb1 Re8 13. h4 h5 14. g4 Nc4 15. Bxc4 Rxc4 16. gxh5 Nxh5 17. f4 e5 18. fxe5 Rxe5 19. Qd3 Rec5 20. Ndb5 Bxb5 21. Nxb5 Rxc2 22. Bxc5 Rxb2+ 23. Kc1 Qa5 24. Bd4 Bh6+ 25. Kxb2 1-0

[Event "DSOL 2021"]
[Site "Germany"]
[Date "2021.03.17"]
[Round "6.2"]
[White "Fuchs, Michael"]
[Black "Getfert, Harald"]
[Result "0-1"]
[WhiteElo "1388"]
[BlackElo "1620"]
[Annotator "NA RC"]
[PlyCount "118"]
[EventDate "2021.01.18"]
[EventType "team-tourn"]
[EventCountry "GER"]
[SourceTitle "playchess.com"]
[Source "ChessBase"]
[SourceQuality "1"]

1. d4 Nf6 2. c4 e6 3. e3 Bb4+ 4. Bd2 Bxd2+ 5. Nxd2 O-O 6. Ngf3 d5 7. Bd3 b6 8. O-O Bb7 9. Rc1 Nbd7 10. cxd5 exd5 11. Qc2 c5 12. Ne5 Rc8 13. Qb1 Re8 14. Bf5 g6 15. Bh3 cxd4 16. exd4 Rxc1 17. Qxc1 Nxe5 18. dxe5 Rxe5 19. Nf3 Re8 20. Rd1 Bc8 21. Bxc8 Qxc8 22. Qd2 Qc4 23. b3 Qe2 24. h3 Qxd2 25. Rxd2 Rc8 26. Kf1 Kf8 27. g3 Ke7 28. g4 h6 29. Ne5 Ke6 30. f4 Ne4 31. Rb2 Rc1+ 32. Kg2 Rd1 33. Nc6 a5 34. Nd8+ Ke7 35. Nc6+ Kd6 36. Ne5 Ke6 37. Nc6 Rd2+ 38. Rxd2 Nxd2 39. Kf2 Ne4+ 40. Ke3 Nc3 41. a4 Kd6 42. Nd8 Ke7 43. Nc6+ Kd6 44. Ne5 Ke6 45. Kd3 Ne4 46. Ke3 Nc5 47. Nc6 Nxb3 48. Na7 Nc5 49. Nc8 Nxa4 50. Kd4 b5 51. Na7 b4 52. Nb5 b3 53. Na3 Nb6 54. Kc5 Nc4 55. Nb1 a4 56. f5+ gxf5 57. gxf5+ Ke5 58. Nc3 a3 59. Kb4 a2 0-1

[Event "DSOL 2021"]
[Site "Germany"]
[Date "2021.03.15"]
[Round "6.2"]
[White "Sabapathi, PS."]
[Black "Wendler, Werner"]
[Result "0-1"]
[WhiteElo "1377"]
[BlackElo "1936"]
[Annotator "TA"]
[PlyCount "68"]
[EventDate "2021.01.18"]
[EventType "team-tourn"]
[EventCountry "GER"]
[SourceTitle "playchess.com"]
[Source "ChessBase"]
[SourceQuality "1"]

1. e4 e6 2. d4 d5 3. Nc3 Bb4 4. exd5 exd5 5. Bd3 Ne7 6. Qf3 Nbc6 7. Nge2 Be6 8. Bf4 Bd6 9. Nb5 Bxf4 10. Qxf4 Rc8 11. O-O-O a6 12. Nbc3 Nb4 13. Qe5 O-O 14. Nf4 Nxd3+ 15. Rxd3 Ng6 16. Nxg6 hxg6 17. Re3 c5 18. Rd1 c4 19. Rde1 b5 20. h3 b4 21. Na4 b3 22. axb3 cxb3 23. Rxb3 Rc4 24. Nc5 Bf5 25. Rc3 Rxc3 26. bxc3 Qg5+ 27. Kd1 Qxg2 28. Re2 Bxh3 29. Qe3 Bg4 30. Nxa6 Ra8 31. Nb4 Qh1+ 32. Kd2 Ra1 33. c4 Qc1+ 34. Kc3 Ra3# 0-1

[Event "DSOL 2021"]
[Site "Germany"]
[Date "2021.03.19"]
[Round "6.3"]
[White "Kollars, Dmitrij"]
[Black "Kemper, Yannick"]
[Result "1-0"]
[WhiteElo "2598"]
[BlackElo "1733"]
[Annotator "TA"]
[PlyCount "103"]
[EventDate "2021.01.18"]
[EventType "team-tourn"]
[EventCountry "GER"]
[SourceTitle "playchess.com"]
[Source "ChessBase"]
[SourceQuality "1"]
[WhiteTeam "SF Deizisau I"]
[BlackTeam "SK Ludwigshafen I"]

1. c4 Nf6 2. g3 g6 3. Bg2 Bg7 4. Nc3 O-O 5. Nf3 d6 6. O-O c5 7. d4 Nc6 8. dxc5 dxc5 9. Bf4 Nh5 10. Be3 Nd4 11. Qc1 Be6 12. Rd1 Bxc4 13. Nxd4 cxd4 14. Bxd4 Bxd4 15. e3 e5 16. exd4 exd4 17. Bxb7 Rb8 18. Bg2 Re8 19. Ne4 Rc8 20. Qd2 d3 21. Rac1 Qd4 22. Nc3 Nf6 23. Re1 Rxe1+ 24. Rxe1 Bxa2 25. Nxa2 Rc2 26. Qf4 d2 27. Rd1 Qxb2 28. Nb4 Rc1 29. Bf3 Rxd1+ 30. Bxd1 Qc1 31. Qf3 Ne4 32. Kg2 a5 33. Nd5 Qb1 34. h4 h5 35. Kh2 Nxf2 36. Nc3 Qb4 37. Qxf2 Qxc3 38. Qf4 Qd3 39. Kg2 Qd7 40. Kf2 Qd3 41. Qe5 Kh7 42. Qf4 Kg7 43. Qa4 Qd5 44. Qa3 Qh1 45. Qc3+ f6 46. Qc7+ Kh6 47. Qb8 Qe1+ 48. Kg2 Kg7 49. Qc7+ Kh6 50. Qd8 Kg7 51. Bf3 Kh6 52. Qh8# 1-0

[Event "DSOL 2021"]
[Site "Germany"]
[Date "2021.03.18"]
[Round "6.3"]
[White "Reuker, Jari"]
[Black "Schulz, Michael"]
[Result "1-0"]
[WhiteElo "2423"]
[BlackElo "2168"]
[Annotator "TA"]
[PlyCount "79"]
[EventDate "2021.01.18"]
[EventType "team-tourn"]
[EventCountry "GER"]
[SourceTitle "playchess.com"]
[Source "ChessBase"]
[SourceQuality "1"]

1. d4 Nf6 2. c4 c5 3. d5 e6 4. Nc3 exd5 5. cxd5 d6 6. e4 g6 7. Nge2 Bg7 8. Ng3 h5 9. Be2 a6 10. a4 Qe7 11. Bg5 Qe5 12. f4 Qd4 13. Bf3 Ng4 14. Qe2 f6 15. Bh4 Ne3 16. Nxh5 Rxh5 17. Bf2 Nxg2+ 18. Bxg2 Qb4 19. Bf3 Rh3 20. O-O Nd7 21. Bg2 Rh6 22. Bg3 c4 23. Kh1 Kd8 24. a5 b5 25. axb6 Qxb6 26. Qxc4 Bb7 27. Qe2 Rc8 28. Bf2 Qc7 29. Bd4 Qc4 30. Qe3 Nc5 31. e5 dxe5 32. fxe5 f5 33. Rad1 Nb3 34. Bb6+ Ke8 35. Rf4 Rh4 36. Rxc4 Rhxc4 37. h3 f4 38. Qd3 Kf7 39. e6+ Kg8 40. Qxg6 1-0

[Event "DSOL 2021"]
[Site "Germany"]
[Date "2021.03.18"]
[Round "6.3"]
[White "Meister, Jakob"]
[Black "Lorenz, Roger"]
[Result "1/2-1/2"]
[WhiteElo "2416"]
[BlackElo "2187"]
[Annotator "TA"]
[PlyCount "115"]
[EventDate "2021.01.18"]
[EventType "team-tourn"]
[EventCountry "GER"]
[SourceTitle "playchess.com"]
[Source "ChessBase"]
[SourceQuality "1"]

1. d4 Nf6 2. Nf3 d5 3. c4 c6 4. Nbd2 Bf5 5. g3 e6 6. Bg2 Be7 7. O-O O-O 8. b3 h6 9. Bb2 a5 10. a3 Nbd7 11. Ne5 Nxe5 12. dxe5 Nd7 13. cxd5 exd5 14. e4 dxe4 15. Nxe4 Nc5 16. Nxc5 Bxc5 17. Qxd8 Rfxd8 18. Bc3 Rd3 19. Rfc1 Bd4 20. Bxd4 Rxd4 21. Rc3 Kf8 22. f4 Ke7 23. Bf3 Rad8 24. Rac1 g5 25. g4 Be4 26. fxg5 Bxf3 27. Rxf3 Rxg4+ 28. Kf2 Rxg5 29. Rc5 Rd5 30. Rxd5 cxd5 31. Rf6 Rg6 32. Rf4 Rc6 33. b4 Rc2+ 34. Kg1 Rc4 35. Rf6 axb4 36. axb4 Rxb4 37. Rxh6 Re4 38. Rb6 Rxe5 39. Kf2 Rh5 40. Kg3 f6 41. h4 Rh8 42. Kg4 d4 43. Rxb7+ Ke6 44. Rb3 Kd5 45. Rf3 Rf8 46. Kf5 Kc4 47. Kg6 d3 48. h5 d2 49. Rf1 Kd3 50. h6 Ke2 51. Rh1 d1=Q 52. Rxd1 Kxd1 53. Kg7 Ra8 54. Kxf6 Ke2 55. h7 Kf3 56. Kg7 Ra7+ 57. Kg6 Rxh7 58. Kxh7 1/2-1/2

[Event "DSOL 2021"]
[Site "Germany"]
[Date "2021.03.17"]
[Round "6.3"]
[White "Charmeteau, Sven"]
[Black "Aldag, Thomas"]
[Result "1-0"]
[WhiteElo "2346"]
[BlackElo "2058"]
[Annotator "TA"]
[PlyCount "57"]
[EventDate "2021.01.18"]
[EventType "team-tourn"]
[EventCountry "GER"]
[SourceTitle "playchess.com"]
[Source "ChessBase"]
[SourceQuality "1"]

1. e4 c5 2. Nf3 d6 3. d4 cxd4 4. Nxd4 Nf6 5. Nc3 a6 6. Bg5 e6 7. f4 Be7 8. Qf3 Nbd7 9. O-O-O Qc7 10. Kb1 b5 11. a3 Bb7 12. g4 Rc8 13. Bxf6 gxf6 14. f5 e5 15. Nb3 Nb6 16. Bd3 Nc4 17. Nd5 Bxd5 18. exd5 a5 19. Nd2 Nxd2+ 20. Rxd2 Qc5 21. g5 Rb8 22. g6 hxg6 23. fxg6 a4 24. g7 Rg8 25. Qg4 b4 26. Bh7 bxa3 27. Bxg8 Qc3 28. Bxf7+ Kxf7 29. g8=Q+ 1-0

[Event "DSOL 2021"]
[Site "Germany"]
[Date "2021.03.17"]
[Round "6.3"]
[White "Schulze, Marc"]
[Black "Meyjohann, Patrick"]
[Result "1-0"]
[WhiteElo "2222"]
[BlackElo "1868"]
[Annotator "TA"]
[PlyCount "59"]
[EventDate "2021.01.18"]
[EventType "team-tourn"]
[EventCountry "GER"]
[SourceTitle "playchess.com"]
[Source "ChessBase"]
[SourceQuality "1"]

1. d4 d5 2. Bf4 Nf6 3. e3 e6 4. Nf3 c5 5. c3 Bd6 6. Bg3 O-O 7. Nbd2 Qc7 8. dxc5 Qxc5 9. Bd3 b6 10. Qe2 Nbd7 11. e4 e5 12. exd5 Bb7 13. c4 e4 14. Bxe4 Rae8 15. O-O Bxg3 16. hxg3 Qc7 17. Nd4 Nxe4 18. Nxe4 Qe5 19. Nb5 f5 20. Nbd6 fxe4 21. Nxe8 Rxe8 22. Rfd1 Nc5 23. d6 Rd8 24. b4 Ne6 25. Qd2 Ng5 26. Rac1 Qf5 27. c5 Ba6 28. c6 Nf3+ 29. gxf3 exf3 30. Qd5+ 1-0

[Event "DSOL 2021"]
[Site "Germany"]
[Date "2021.03.15"]
[Round "6.3"]
[White "Aulich, Marcell"]
[Black "Vandre, Wolfgang"]
[Result "1-0"]
[WhiteElo "2207"]
[BlackElo "2112"]
[Annotator "TA"]
[PlyCount "85"]
[EventDate "2021.01.18"]
[EventType "team-tourn"]
[EventCountry "GER"]
[SourceTitle "playchess.com"]
[Source "ChessBase"]
[SourceQuality "1"]

1. e4 c5 2. Nf3 d6 3. d4 cxd4 4. Nxd4 Nf6 5. Nc3 a6 6. Rg1 b5 7. g4 b4 8. Nd5 e6 9. Nxf6+ gxf6 10. Be3 Bb7 11. Bg2 Nd7 12. Qd2 Rb8 13. O-O-O Ne5 14. Qe2 Qa5 15. Kb1 Qc7 16. f4 Nc4 17. Bc1 e5 18. Nf5 a5 19. b3 Na3+ 20. Bxa3 bxa3 21. Qd3 Rd8 22. fxe5 fxe5 23. Rgf1 Rg8 24. Bf3 Be7 25. h4 Rg6 26. g5 Kf8 27. c4 a4 28. Bh5 axb3 29. axb3 Qb6 30. Ka2 Rb8 31. Rb1 Qb4 32. Rf2 d5 33. Nxe7 Kxe7 34. Bxg6 hxg6 35. exd5 Bc8 36. d6+ Ke8 37. h5 Bf5 38. Rxf5 gxf5 39. d7+ Ke7 40. Rd1 Rd8 41. Qxf5 Qb8 42. Qf6+ Kf8 43. g6 1-0

[Event "DSOL 2021"]
[Site "Germany"]
[Date "2021.03.16"]
[Round "6.3"]
[White "Dzierzenga, Stefan"]
[Black "Smartie"]
[Result "0-1"]
[WhiteElo "2200"]
[BlackElo "1750"]
[Annotator "TA"]
[PlyCount "78"]
[EventDate "2021.01.18"]
[EventType "team-tourn"]
[EventCountry "GER"]
[SourceTitle "playchess.com"]
[Source "ChessBase"]
[SourceQuality "1"]

1. d4 Nf6 2. Nf3 g6 3. g3 Bg7 4. Bg2 d5 5. c4 dxc4 6. Ne5 c5 7. e3 cxd4 8. exd4 O-O 9. O-O Nc6 10. Nxc6 bxc6 11. Na3 Be6 12. Bxc6 Rc8 13. Bg2 Qa5 14. Nc2 Rfd8 15. Bd2 Qb6 16. Bc3 Bd5 17. Qe2 Bxg2 18. Kxg2 e6 19. Ne3 Nd5 20. Nxd5 exd5 21. Qd2 Re8 22. Rfe1 f5 23. f3 Kf7 24. a4 a6 25. a5 Qc6 26. Qf4 Bf8 27. h4 Qf6 28. Kf2 h5 29. Rxe8 Rxe8 30. Qd2 Qe6 31. Rf1 Bd6 32. Rb1 f4 33. gxf4 Qh3 34. Rg1 Qxh4+ 35. Kf1 Bxf4 36. Qc2 Qh3+ 37. Rg2 Qxf3+ 38. Kg1 Re6 39. Rf2 Be3 0-1

[Event "DSOL 2021"]
[Site "Germany"]
[Date "2021.03.17"]
[Round "6.3"]
[White "Michels, Achim"]
[Black "Strozewski, Frank"]
[Result "1-0"]
[WhiteElo "2163"]
[BlackElo "2063"]
[Annotator "TA"]
[PlyCount "53"]
[EventDate "2021.01.18"]
[EventType "team-tourn"]
[EventCountry "GER"]
[SourceTitle "playchess.com"]
[Source "ChessBase"]
[SourceQuality "1"]

1. d4 d6 2. e4 g6 3. c3 Bg7 4. f4 Nc6 5. Nf3 Bg4 6. d5 Nb8 7. h3 Bxf3 8. Qxf3 Nd7 9. Be3 e6 10. dxe6 fxe6 11. Nd2 Nb6 12. a4 Nf6 13. a5 Nc8 14. Bc4 d5 15. e5 Nd7 16. Bd3 O-O 17. Qg4 Qe8 18. Nf3 Qe7 19. h4 Re8 20. h5 gxh5 21. Rxh5 Nf8 22. O-O-O c5 23. Rdh1 Qc7 24. Bxh7+ Nxh7 25. Rxh7 Kf8 26. Rh8+ Kf7 27. Qh5+ 1-0

[Event "DSOL 2021"]
[Site "Germany"]
[Date "2021.03.18"]
[Round "6.3"]
[White "Einwiller, Bernd"]
[Black "Jagodzinsky, Andreas"]
[Result "1/2-1/2"]
[WhiteElo "2160"]
[BlackElo "2147"]
[Annotator "TA"]
[PlyCount "50"]
[EventDate "2021.01.18"]
[EventType "team-tourn"]
[EventCountry "GER"]
[SourceTitle "playchess.com"]
[Source "ChessBase"]
[SourceQuality "1"]

1. c4 c6 2. g3 d5 3. cxd5 cxd5 4. d4 Nc6 5. Bg2 Nf6 6. Nc3 Bf5 7. Nf3 e6 8. O-O h6 9. Bf4 Be7 10. Rc1 O-O 11. a3 Rc8 12. Ne5 Nxe5 13. Bxe5 Qb6 14. Qd2 Qb3 15. Bxf6 Bxf6 16. e4 dxe4 17. Bxe4 Bh3 18. Rfd1 Rfd8 19. d5 Bxc3 20. Rxc3 Rxc3 21. bxc3 Qa4 22. Qd4 Qxd4 23. Rxd4 exd5 24. Bxd5 Rd7 25. f4 Kf8 1/2-1/2

[Event "DSOL 2021"]
[Site "Germany"]
[Date "2021.03.19"]
[Round "6.3"]
[White "Gundlach, Frank"]
[Black "Schupp, Uwe"]
[Result "0-1"]
[WhiteElo "2150"]
[BlackElo "2114"]
[Annotator "NA"]
[PlyCount "64"]
[EventDate "2021.01.18"]
[EventType "team-tourn"]
[EventCountry "GER"]
[SourceTitle "playchess.com"]
[Source "ChessBase"]
[SourceQuality "1"]
[WhiteTeam "SK Vellmar"]
[BlackTeam "SK Gernsheim"]

1. e4 d6 2. d4 Nf6 3. Nc3 c6 4. Nf3 Bg4 5. Be2 e6 6. O-O d5 7. exd5 cxd5 8. Bf4 Bd6 9. Bxd6 Qxd6 10. Ne5 Bxe2 11. Qxe2 O-O 12. Nd1 Nc6 13. c3 Rab8 14. f3 b5 15. a3 a5 16. Nf2 b4 17. axb4 axb4 18. Ra6 Rfc8 19. Rfa1 Nd7 20. Nxd7 Qxd7 21. Nd3 bxc3 22. bxc3 h6 23. Nc5 Qd6 24. Qa2 Qc7 25. g3 g6 26. Ra4 h5 27. Na6 Qb6 28. Nxb8 Rxb8 29. Ra6 Qb5 30. Re1 h4 31. Qa4 Qb2 32. Qxc6 h3 0-1

[Event "DSOL 2021"]
[Site "Germany"]
[Date "2021.03.15"]
[Round "6.3"]
[White "Reisch, Stefan"]
[Black "Gast, Rainer"]
[Result "1/2-1/2"]
[WhiteElo "2150"]
[BlackElo "1932"]
[Annotator "RC"]
[PlyCount "49"]
[EventDate "2021.01.18"]
[EventType "team-tourn"]
[EventCountry "GER"]
[SourceTitle "playchess.com"]
[Source "ChessBase"]
[SourceQuality "1"]

1. e4 c6 2. d4 d5 3. Nd2 dxe4 4. Nxe4 Nd7 5. Bd3 Ngf6 6. Nf3 Nxe4 7. Bxe4 Nf6 8. Bd3 Bg4 9. c3 e6 10. O-O Qc7 11. Re1 Bd6 12. h3 Bh5 13. Be2 O-O 14. Bg5 Nd5 15. Nd2 Bxe2 16. Qxe2 Bf4 17. Bxf4 Qxf4 18. Rad1 Rfd8 19. Nc4 Nf6 20. Ne5 Nd7 21. Qc2 Nxe5 22. Rxe5 Rd5 23. Rde1 Rad8 24. g3 Qf6 25. Qe2 1/2-1/2

[Event "DSOL 2021"]
[Site "Germany"]
[Date "2021.03.16"]
[Round "6.3"]
[White "Sonnenschein, Philipp"]
[Black "Glitz, Martin"]
[Result "1-0"]
[WhiteElo "2149"]
[BlackElo "2056"]
[Annotator "TA"]
[PlyCount "79"]
[EventDate "2021.01.18"]
[EventType "team-tourn"]
[EventCountry "GER"]
[SourceTitle "playchess.com"]
[Source "ChessBase"]
[SourceQuality "1"]

1. e4 c6 2. d4 d5 3. e5 c5 4. dxc5 e6 5. a3 Nc6 6. Nf3 Bxc5 7. b4 Bb6 8. Bb2 Nge7 9. Bd3 Ng6 10. O-O Nf4 11. Re1 Nxd3 12. Qxd3 O-O 13. Nbd2 Qe7 14. c4 Rd8 15. c5 Bc7 16. Nb3 a6 17. Qc3 Bd7 18. a4 Rdc8 19. Qd2 Bd8 20. Ra2 h6 21. Bc3 Qe8 22. Rea1 Be7 23. Ne1 Qf8 24. Nd3 Rab8 25. Bb2 Na7 26. Nd4 b6 27. Nb3 Rc7 28. cxb6 Rxb6 29. Nbc5 Qc8 30. Ba3 Be8 31. Rc1 Rb8 32. Rac2 Bg5 33. f4 Be7 34. Qf2 Nc6 35. Nb3 Qb7 36. Na5 Qb6 37. Nxc6 Qxf2+ 38. Kxf2 Bxc6 39. Rxc6 Ra7 40. Bb2 1-0

[Event "DSOL 2021"]
[Site "Germany"]
[Date "2021.03.18"]
[Round "6.3"]
[White "Schroer, Klaus"]
[Black "Esser, Jochen"]
[Result "1/2-1/2"]
[WhiteElo "2139"]
[BlackElo "1734"]
[Annotator "TA"]
[PlyCount "150"]
[EventDate "2021.01.18"]
[EventType "team-tourn"]
[EventCountry "GER"]
[SourceTitle "playchess.com"]
[Source "ChessBase"]
[SourceQuality "1"]

1. e4 e5 2. Nf3 Nc6 3. Bc4 Bc5 4. O-O Nf6 5. d4 exd4 6. e5 d5 7. exf6 dxc4 8. Re1+ Be6 9. Ng5 Qd5 10. Nc3 Qf5 11. Nce4 Bb6 12. Nxf7 Kxf7 13. Ng5+ Kg8 14. fxg7 Bd5 15. gxh8=Q+ Kxh8 16. Qh5 Rf8 17. Bf4 d3 18. Re8 Bxf2+ 19. Kxf2 Qxf4+ 20. Nf3 Bxf3 21. Rxf8+ Qxf8 22. Qxf3 Qd6 23. cxd3 Ne5 24. Qe4 cxd3 25. Ke3 Kg8 26. b3 Qc5+ 27. Kf4 Ng6+ 28. Kg3 Ne5 29. Rd1 b5 30. Rxd3 Nxd3 31. Qxd3 Qe5+ 32. Kf3 Qf6+ 33. Ke3 Qe5+ 34. Kf3 Qf6+ 35. Ke2 Qe5+ 36. Kf2 Qf4+ 37. Kg1 Qc1+ 38. Kf2 Qf4+ 39. Qf3 Qxh2 40. Qd5+ Kg7 41. Qd4+ Kg8 42. Qxa7 Qf4+ 43. Ke2 Qe4+ 44. Kf1 Qf4+ 45. Qf2 Qc1+ 46. Qe1 Qf4+ 47. Kg1 Kf7 48. Qf1 Qxf1+ 49. Kxf1 Ke6 50. Ke2 Kd5 51. a3 Kd4 52. Kd2 c5 53. g4 h6 54. Kc2 Kd5 55. Kc3 Kc6 56. a4 Kb6 57. Kd3 Ka5 58. Kc3 Kb6 59. Kc2 Ka5 60. axb5 Kxb5 61. Kc3 Kc6 62. Kc4 Kd6 63. Kb5 Kd5 64. Ka4 c4 65. bxc4+ Kxc4 66. Ka3 Kd4 67. Kb2 Ke4 68. Kc2 Kf4 69. Kd2 Kxg4 70. Ke2 Kg3 71. Kf1 h5 72. Kg1 h4 73. Kh1 h3 74. Kg1 h2+ 75. Kh1 Kh3 1/2-1/2

[Event "DSOL 2021"]
[Site "Germany"]
[Date "2021.03.19"]
[Round "6.3"]
[White "Kaiser, Martin"]
[Black "Reimer, Philip"]
[Result "1-0"]
[WhiteElo "2136"]
[BlackElo "1993"]
[Annotator "NA"]
[PlyCount "73"]
[EventDate "2021.01.18"]
[EventType "team-tourn"]
[EventCountry "GER"]
[SourceTitle "playchess.com"]
[Source "ChessBase"]
[SourceQuality "1"]
[WhiteTeam "SC Weisse Dame"]
[BlackTeam "SK Lehrte I"]

1. e4 c5 2. c3 Nf6 3. e5 Nd5 4. d4 cxd4 5. Nf3 e6 6. cxd4 d6 7. Nc3 Nxc3 8. bxc3 Qc7 9. Bd2 Nd7 10. Bd3 dxe5 11. O-O exd4 12. cxd4 Be7 13. Qe2 Nf6 14. Rfe1 O-O 15. Rac1 Qd6 16. Bg5 Rd8 17. Bb1 Bd7 18. Qd3 g6 19. Ne5 Be8 20. Qf3 Nd5 21. h4 Rac8 22. Bxe7 Qxe7 23. g3 Rxc1 24. Rxc1 Qb4 25. Qd1 a5 26. h5 Nc3 27. Qf3 Nxb1 28. Qf6 Ra8 29. h6 Qf8 30. Ng4 Na3 31. Qe5 f6 32. Nxf6+ Kf7 33. Rc7+ Qe7 34. Rxe7+ Kxe7 35. Nxh7 Nb5 36. Ng5 Bf7 37. Qxb5 1-0

[Event "DSOL 2021"]
[Site "Germany"]
[Date "2021.03.18"]
[Round "6.3"]
[White "Kull, Florian"]
[Black "Stephan, Victor"]
[Result "1/2-1/2"]
[WhiteElo "2134"]
[BlackElo "2430"]
[Annotator "TA"]
[PlyCount "67"]
[EventDate "2021.01.18"]
[EventType "team-tourn"]
[EventCountry "GER"]
[SourceTitle "playchess.com"]
[Source "ChessBase"]
[SourceQuality "1"]

1. c4 e6 2. Nc3 f5 3. Nf3 Nf6 4. d4 Bb4 5. Qc2 O-O 6. g3 d5 7. Bg2 c6 8. O-O Bd6 9. Bf4 Bxf4 10. gxf4 dxc4 11. e3 Nd5 12. Ne5 Nd7 13. Nxc4 Qh4 14. Nd2 N7f6 15. Nf3 Qh5 16. Ne2 Bd7 17. Ng3 Qh6 18. Ne5 Be8 19. Rab1 Ng4 20. Nxg4 fxg4 21. Qe2 Qh4 22. Rfc1 g5 23. fxg5 Qxg5 24. Rc5 Qg7 25. h3 Bg6 26. Rd1 gxh3 27. Bxh3 Rae8 28. Bg2 Re7 29. Qg4 Kh8 30. Rd2 Qh6 31. Qh3 Qg7 32. Qg4 Qh6 33. Qh3 Qg7 34. Qg4 1/2-1/2

[Event "DSOL 2021"]
[Site "Germany"]
[Date "2021.03.18"]
[Round "6.3"]
[White "Schoeneberg, Manfred"]
[Black "Hohlbein, Michael"]
[Result "0-1"]
[WhiteElo "2133"]
[BlackElo "2066"]
[Annotator "TA"]
[PlyCount "108"]
[EventDate "2021.01.18"]
[EventType "team-tourn"]
[EventCountry "GER"]
[SourceTitle "playchess.com"]
[Source "ChessBase"]
[SourceQuality "1"]

1. Nf3 d6 2. d4 Bg4 3. e4 Nf6 4. Nc3 e6 5. Be2 Be7 6. O-O O-O 7. Be3 d5 8. e5 Nfd7 9. Nd2 Bxe2 10. Nxe2 c5 11. c3 Nc6 12. f4 f5 13. g4 fxg4 14. Ng3 cxd4 15. cxd4 Qe8 16. Qxg4 Qg6 17. Qxg6 hxg6 18. a3 Rac8 19. Rac1 Nb6 20. b4 a5 21. b5 Na7 22. a4 Nxa4 23. Ra1 Nc3 24. Rxa5 Naxb5 25. Nb1 Bb4 26. Nxc3 Nxc3 27. Ra7 Rf7 28. Rfa1 Rfc7 29. Kg2 Nb5 30. Ra8 Bc3 31. Rxc8+ Rxc8 32. Rb1 Bxd4 33. Bxd4 Nxd4 34. Rxb7 Rf8 35. h4 Rxf4 36. h5 gxh5 37. Nxh5 Rf7 38. Rb8+ Rf8 39. Rb7 Rf7 40. Rb8+ Kh7 41. Re8 Kg6 42. Ng3 Kg5 43. Rg8 Kf4 44. Nh5+ Kxe5 45. Nxg7 Nf5 46. Nh5 Rh7 47. Rg5 d4 48. Kf2 d3 49. Ke1 Kd4 50. Nf4 Rh1+ 51. Kf2 Ke4 52. Nxd3 Kxd3 53. Rg6 Rh6 54. Rg5 Nd4 0-1